LEADER 01944nam 2200577 a 450 001 9910454817403321 005 20200520144314.0 010 $a1-282-13028-5 010 $a9786612130281 010 $a0-309-13726-8 035 $a(CKB)1000000000786319 035 $a(OCoLC)503447589 035 $a(CaPaEBR)ebrary10309979 035 $a(SSID)ssj0000127258 035 $a(PQKBManifestationID)11143121 035 $a(PQKBTitleCode)TC0000127258 035 $a(PQKBWorkID)10051149 035 $a(PQKB)11074262 035 $a(MiAaPQ)EBC3378491 035 $a(Au-PeEL)EBL3378491 035 $a(CaPaEBR)ebr10309979 035 $a(CaONFJC)MIL213028 035 $a(OCoLC)923280361 035 $a(EXLCZ)991000000000786319 100 $a20091006d2009 uy 0 101 0 $aeng 135 $aurcn||||||||| 181 $ctxt 182 $cc 183 $acr 200 10$aComplex systems$b[electronic resource] $etask group summaries ; Conference, Arnold and Mabel Beckman Center, Irvine, California, November 13-15, 2008 /$fThe National Academies Keck Futures Initiative 210 $aWashington, D.C. $cNational Academies Press$d2009 215 $a1 online resource (121 p.) 300 $a"National Academies Keck Futures Initiative Conference on Complex Systems"--T.p. verso. 311 $a0-309-13725-X 320 $aIncludes bibliographical references. 606 $aBiological systems$xComputer simulation$vCongresses 606 $aBiocomplexity$xSimulation methods$vCongresses 606 $aComputational complexity$vCongresses 608 $aElectronic books. 615 0$aBiological systems$xComputer simulation 615 0$aBiocomplexity$xSimulation methods 615 0$aComputational complexity 676 $a620.0011 801 0$bMiAaPQ 801 1$bMiAaPQ 801 2$bMiAaPQ 906 $aBOOK 912 $a9910454817403321 996 $aComplex Systems$9374125 997 $aUNINA LEADER 02533nam 2200517 450 001 9910806993703321 005 20230814233009.0 010 $a3-0356-0574-2 024 7 $a10.1515/9783035605747 035 $a(CKB)3800000000418876 035 $a(MiAaPQ)EBC4749555 035 $a(DE-B1597)451607 035 $a(OCoLC)1024042426 035 $a(DE-B1597)9783035605747 035 $a(Au-PeEL)EBL4749555 035 $a(CaPaEBR)ebr11605255 035 $a(OCoLC)1051139835 035 $a(EXLCZ)993800000000418876 100 $a20180920d2018 uy 0 101 0 $ager 135 $aurcnu|||||||| 181 $ctxt$2rdacontent 182 $cc$2rdamedia 183 $acr$2rdacarrier 200 10$aBauphysik /$fAnton Pech, Christian Po?hn 205 $aZweite, aktualisierte Auflage. 210 1$aBasel :$cBirkha?user,$d[2018] 210 4$d©2018 215 $a1 online resource (xi, 154 pages) $cillustrations 225 0 $aBaukonstruktionen ;$vBand 1 311 $a3-0356-0573-4 327 $tFrontmatter --$tVorwort früherer Auflagen --$tVorwort zur 2. Auflage --$tFachbuchreihe BAUKONSTRUKTIONEN --$tInhaltsverzeichnis Band 1: Bauphysik --$tAllgemeines --$tWinterlicher Wärmeschutz --$tTauwasserschutz --$tSommerlicher Wärmeschutz --$tSchallschutz --$tBrandschutz --$tTabellen --$tQuellennachweis --$tLiteraturverzeichnis --$tSachverzeichnis 330 $aEin klassischer Kurs über die Gegenstände der Bauphysik: Wärmeschutz - Schallschutz - Brandschutz, ergänzt durch zahlreiche Beispiele, Bilder und Tabellen. Das Buch bietet einen Überblick zum derzeitigen Stand der Bauphysik, gestützt auf die verbindlichen Grundlagen der europäischen Normung. Dabei werden die relevanten Inhalte der Bauproduktenrichtlinie und nachfolgender Richtlinien der EU ebenso berücksichtigt wie nationale Regelungen. Die im Band angeführten Beispiele sind mehrheitlich zugleich die Grundlage für weiterführende Bauteilbeschreibungen in den Folgebänden der Reihe Baukonstruktionen und ermöglichen somit eine besonders umfassende Betrachtungsweise. Die zweite Auflage wurde insbesondere mit Blick auf Energiekennzahlen überarbeitet. 606 $aEngineering$vHandbooks, manuals, etc 615 0$aEngineering 676 $a620 686 $aZI 4050$qBVB$2rvk 700 $aPech$b Anton$01107094 702 $aPo?hn$b Christian 801 0$bMiAaPQ 801 1$bMiAaPQ 801 2$bMiAaPQ 906 $aBOOK 912 $a9910806993703321 996 $aBauphysik$93926020 997 $aUNINA